000 00460nam a2200193Ia 4500
005 20240823013738.0
008 240823s9999||||xx |||||||||||||| ||und||
020 _a81-85749-90-6
041 _aENGLISH
082 _A621.4022 P5
100 _aKumar D S
245 0 _aHeat and Mass Transfer
250 _a6th
260 _c2005
_b"Kataria S K,"
_aDelhi
500 _aTRANSFERED
650 _aHeat
_bAerospace Engineering
942 _cBK
999 _c168106
_d168106